| 000 | 00948nam a22002777a 4500 | ||
|---|---|---|---|
| 003 | CHAP | ||
| 005 | 20220329135834.0 | ||
| 008 | 971013s1995 r 10010 d | ||
| 010 | _a43075 | ||
| 011 | _a44047 | ||
| 035 | _a48185 | ||
| 040 | _cCHAP | ||
| 082 |
_a631.7063 _bC6r 1995 |
||
| 111 | 0 | 0 |
_aCongreso Nacional de Irrigación _n(6 : _d1995 : _cChapingo, Méx.) _927030 |
| 245 |
_aPor la sustentabilidad de la agricultura de riego _b: resúmenes |
||
| 260 |
_aChapingo, Méx. : _bAsociación Nacional de Expecialistas en Irrigación, _c1995 |
||
| 300 | _a94 p. | ||
| 590 |
_aBATCH-UPD _b10 _c20130110 _lUCH01 _h1613 |
||
| 590 |
_aBATCH-UPD _b10 _c20130410 _lUCH01 _h1008 |
||
| 590 |
_aBATCH-UPD _b10 _c20130914 _lUCH01 _h1656 |
||
| 590 |
_aCONVERSION _b10 _c20130109 _lUCH01 _h1324 |
||
| 650 | 1 | 4 |
_aIrrigación _xCongresos. _960390 |
| 901 | _aBK | ||
| 942 | _cLIBRO | ||
| 949 |
_a631.7063 C6r 1995 _bBC _cCONG _d33724000021945 _eCONG _h89190 _i48185 _mD _si |
||
| 999 |
_c43075 _d43075 |
||